000 00299nam a22001337a 4500
008 181217b xxu||||| |||| 00| 0 eng d
020 _a9780985689599
041 _aeng
080 _23 TH
_a615
100 _a6
101 _aFAR
245 _aPharmacy Technician Guide
_cMark.G
942 _2udc
_cBK
999 _c53294
_d53294